000 00595nam a2200181Ia 4500
005 20260429112239.0
008 260429s9999||||xx |||||||||||||| ||und||
020 _a9788177146509
041 _aHindi
082 _a891.430
_bVIV
100 _aविवेक, ज्ञान प्रकाश
245 0 _aकाम आवाज़ो का शहर /
_cज्ञान प्रकाश विवेक
250 _a1st ed.
260 _aनई दिल्ली :
_bप्रकाशन संस्थान,
_c2018.
300 _a160 p.; Hb
650 _aMemoir
942 _cTB
999 _c53105
_d53105